Passaparola calcistico - Statistics

Statistiche generali
  • Questo quiz è stato fatto 43 volte
  • Il punteggio medio è 22 su 26
Statistiche sulle risposte
Lettera Domanda Risposta % Corretto
C Arbitro italiano famoso per la sua incredibile abilità e per il suo aspetto intimidatorio Collina
100%
A Il leggendario attaccante argentino, soprannominato 'El Kun', che ha fatto la storia del Manchester City Aguero
97%
B Squadra lombarda, tristemente fallita, che ha visto campioni come Baggio e Pirlo Brescia
97%
I Giocatore svedese che in Italia ha vestito le maglie di Juve,Milan e Inter Ibrahimovic
97%
L Allenatore dell'Italia campione del mondo 2006 Lippi
97%
N Il cognome del calciatore brasiliano che detiene il record per il trasferimento più costoso nella storia del calcio (220 milioni di €) Neymar Jr
97%
Q Paese che nel 2022 ha ospitato i mondiali Qatar
97%
D Stadio della Juventus prima dell'Allianz Stadium Delle Alpi
95%
M Storico difensore e capitano del Milan Maldini
95%
U Nazionale ospitante e vincitrice del primo mondiale di calcio nel 1930 Uruguay
95%
W Il cognome dell'attaccante liberiano, unico calciatore africano della storia ad aver vinto il Pallone d'Oro del1995, diventato poi Presidente del suo Paese Weah
95%
G Il cognome del calciatore gallese che detiene il record assoluto di presenze nella storia del Manchester United, con 963 partite ufficiali disputate Giggs
92%
Z Storico portiere italiano in nazionale dal '68 all'83, vincitore del mondiale in Spagna nel 1982 Zoff
92%
K Il cognome del difensore belga, colonna storica del Manchester City di Guardiola, di cui è diventato anche capitano prima di intraprendere la carriera da allenatore. Kompany
90%
R Squadra calabrese che gioca all'Oreste Granillo Reggina
90%
T Zona del campo tra la linea di centrocampo e quella degli attaccanti Trequarti
90%
V Il cognome del centrocampista cileno, soprannominato 'El Rey', che ha vinto quattro scudetti consecutivi con la Juventus prima di trasferirsi al Bayern Monaco Vidal
90%
Y Unico portiere nella storia del calcio ad aver vinto un pallone d'oro nel 1963 Yashin
90%
F E' il concetto che lega rispetto, lealtà, umiltà ed integrità nel calcio e nello sport in generale Fairplay
87%
O Ex calciatore italiano di Lazio, Milan e Verona allenatore dal 2013 Oddo
82%
X Giocatore svizzero che ha giocato nell'Arsenal e nel Leverkusen Xhaka
77%
P La si mette in atto in classifica quando una squadra, per esempio non rispetta i pagamenti Penalizzazione
69%
S Soprannome della nazionale giapponese Samurai Blue
67%
H Nome dell'Amburgo in tedesco Hamburger Sport-Verein
62%
E Cognome del difensore colombiano, morto tragicamente ucciso a seguito di un autogol ai mondiali USA '94 Escobar
49%
J Il nome di Idzes, calciatore indonesiano che in Italia ha giocato a Venezia e Sassuolo Jay
38%
Nessun quiz corrispondente trovato
Distribuzione punteggi
Percentuale di utenti per punteggio
Percentile per numero di risposta
I tuoi punteggi nel tempo
Non hai fatto questo quiz